000 00425nam a2200133Ia 4500
008 151001s9999||||xx |||||||||||||| ||und||
100 _aल रा पांगारकर
245 _aश्री ज्ञानेश्वर महाराज
250 _a1
260 _bसुमंगल पब्लिकेशन कंपनी मुंबई
260 _c1989
300 _a232
365 _b21
999 _c967877
_d967874